[Event "Titled Tuesday intern op 08th Mar Late"]
[Site "Chess.com INT"]
[Date "2022.03.08"]
[Round "2"]
[White "Song, Michael"]
[Black "Wartiovaara, Oliver"]
[Result "1-0"]
[WhiteElo "2424"]
[BlackElo "2205"]
[PlyCount "69"]
[EventDate "2022.03.08"]
[EventType "swiss (blitz)"]
[EventRounds "11"]
[EventCountry "USA"]
[SourceTitle "CBM 207 Extra"]
[Source "ChessBase"]
[SourceDate "2022.05.31"]
[SourceVersion "1"]
[SourceVersionDate "2022.05.31"]
[SourceQuality "1"]

1. d4 Nf6 2. Bg5 Ne4 3. Bf4 d5 4. f3 Nf6 5. e3 c5 6. c3 Nc6 7. Bd3 e6 8. Ne2 Be7 9. 0-0 0-0 10. Bg3 b6 11. Nd2 Bb7 12. Rc1 Rc8 13. Qa4 Qd7 14. Kh1 Rfd8 15. f4 a6 16. h3 b5 17. Qd1 b4 18. Ng1 bxc3 19. bxc3 cxd4 20. exd4 Na5 21. Ngf3 Nc4 22. Ne5 Nxe5 23. fxe5 Ne4 24. Bxe4 dxe4 25. Bf2 Bg5 26. Qe2 Qd5 27. Be3 Bxe3 28. Qxe3 Qxa2 29. Nxe4 Qd5 30. Rf4 a5 31. Rcf1 Rc7 32. Rg4 Kh8 33. Qg5 Rg8 34. Nf6 h6 35. Qxh6+ 1-0

[Event "Titled Tuesday intern op 01st Mar Late"]
[Site "Chess.com INT"]
[Date "2022.03.01"]
[Round "5"]
[White "Maze, Sebastien"]
[Black "Song, Michael"]
[Result "1-0"]
[WhiteElo "2527"]
[BlackElo "2404"]
[PlyCount "63"]
[EventDate "2022.03.01"]
[EventType "swiss (blitz)"]
[EventRounds "11"]
[EventCountry "USA"]
[SourceTitle "CBM 207 Extra"]
[Source "ChessBase"]
[SourceDate "2022.05.31"]
[SourceVersion "1"]
[SourceVersionDate "2022.05.31"]
[SourceQuality "1"]

1. e4 e5 2. Nf3 Nc6 3. Bb5 Nf6 4. Nc3 Bb4 5. 0-0 0-0 6. d3 d6 7. Ne2 Ne7 8. c3 Ba5 9. Ng3 c6 10. Ba4 Ng6 11. h3 Re8 12. Be3 Bb6 13. Re1 d5 14. Bg5 h6 15. Bxf6 gxf6 16. Nh2 Nf4 17. Ng4 Kg7 18. Ne3 Bxe3 19. fxe3 Ng6 20. exd5 f5 21. dxc6 b5 22. Bxb5 Qb6 23. Ba4 f4 24. Nh5+ Kh8 25. Qb3 f3 26. Qxb6 axb6 27. Bb5 fxg2 28. Kxg2 Be6 29. a4 Rec8 30. Kh2 Bd5 31. Rf1 Ra7 32. Rf6 1-0

[Event "Titled Tuesday intern op 01st Mar Late"]
[Site "Chess.com INT"]
[Date "2022.03.01"]
[Round "2"]
[White "Nikologorsky, Matfei"]
[Black "Song, Michael"]
[Result "0-1"]
[WhiteElo "2182"]
[BlackElo "2404"]
[PlyCount "80"]
[EventDate "2022.03.01"]
[EventType "swiss (blitz)"]
[EventRounds "11"]
[EventCountry "USA"]
[SourceTitle "CBM 207 Extra"]
[Source "ChessBase"]
[SourceDate "2022.05.31"]
[SourceVersion "1"]
[SourceVersionDate "2022.05.31"]
[SourceQuality "1"]

1. e4 e5 2. Nf3 Nc6 3. Bb5 Nf6 4. 0-0 Nxe4 5. d4 Nd6 6. dxe5 Nxb5 7. a4 d6 8. e6 fxe6 9. axb5 Nb4 10. Ra4 c5 11. bxc6 Nxc6 12. Nc3 Be7 13. Re1 0-0 14. Ne4 h6 15. Ng3 e5 16. Qd5+ Kh8 17. Rd1 Bd7 18. Re4 Qc8 19. Ree1 Bg4 20. c3 Bxf3 21. gxf3 Qh3 22. b4 a6 23. Bb2 Rf4 24. Re4 Rxf3 25. Rh4 Rxg3+ 26. hxg3 Bxh4 27. gxh4 Rf8 28. Rd3 Qxh4 29. Rg3 Qf4 30. Rg2 Rf6 31. b5 axb5 32. Qxb5 Rf7 33. Qf1 e4 34. Bc1 Qf5 35. Qc4 Ne5 36. Qa4 Nf3+ 37. Kf1 Qh3 38. Qe8+ Kh7 39. Qxf7 Qh1+ 40. Ke2 Qe1# 0-1

[Event "Titled Tuesday intern op 01st Mar Late"]
[Site "Chess.com INT"]
[Date "2022.03.01"]
[Round "4"]
[White "Song, Michael"]
[Black "Ardila, Oscar Humberto"]
[Result "1-0"]
[WhiteElo "2404"]
[BlackElo "1988"]
[PlyCount "115"]
[EventDate "2022.03.01"]
[EventType "swiss (blitz)"]
[EventRounds "11"]
[EventCountry "USA"]
[SourceTitle "CBM 207 Extra"]
[Source "ChessBase"]
[SourceDate "2022.05.31"]
[SourceVersion "1"]
[SourceVersionDate "2022.05.31"]
[SourceQuality "1"]

1. e4 e5 2. f4 d5 3. exd5 e4 4. d3 Nf6 5. dxe4 Nxe4 6. Qe2 f5 7. Nf3 Qxd5 8. Nc3 Bb4 9. Bd2 Bxc3 10. Bxc3 0-0 11. Be5 Nc6 12. Qc4 Be6 13. Qxd5 Bxd5 14. a3 Rac8 15. Rd1 Be6 16. Bb5 Nxe5 17. Nxe5 c6 18. Bd3 Rce8 19. Ke2 Bc8 20. Ke3 Nc5 21. Bc4+ Be6 22. Bxe6+ Rxe6 23. b4 Ne4 24. Rd7 Nf6 25. Rxb7 g5 26. g3 Nd5+ 27. Kf3 Rfe8 28. c4 g4+ 29. Kf2 Nc3 30. Ke3 Rd6 31. c5 Rd5 32. Rc1 Ne4 33. Rc4 Nf6 34. Rd4 Red8 35. Nxc6 Rxd4 36. Nxd4 Re8+ 37. Kd3 Re4 38. Nxf5 Re6 39. Re7 Rc6 40. Kc4 Ra6 41. Re3 Kf8 42. Nd6 Rc6 43. b5 Rc7 44. c6 a6 45. a4 axb5+ 46. axb5 Ra7 47. b6 Ra1 48. c7 Rc1+ 49. Rc3 Rxc3+ 50. Kxc3 Ke7 51. c8Q Kxd6 52. Qf5 Nd5+ 53. Kd4 Nxb6 54. Qxg4 Kc7 55. Qg7+ Nd7 56. Qxh7 Kd6 57. Qxd7+ Kxd7 58. Ke5 1-0

[Event "Titled Tuesday intern op 01st Feb-B"]
[Site "Chess.com INT"]
[Date "2022.02.02"]
[Round "1"]
[White "Araujo Filho, Luiz Antonio"]
[Black "Song, Michael"]
[Result "1-0"]
[WhiteElo "2089"]
[BlackElo "2410"]
[PlyCount "125"]
[EventDate "2022.02.02"]
[EventType "swiss (blitz)"]
[EventRounds "11"]
[EventCountry "USA"]
[SourceTitle "CBM 206 Extra"]
[Source "ChessBase"]
[SourceDate "2022.03.31"]
[SourceVersion "1"]
[SourceVersionDate "2022.03.31"]
[SourceQuality "1"]

1. d4 Nf6 2. Nf3 g6 3. c4 Bg7 4. Nc3 d6 5. e4 0-0 6. Be2 e5 7. dxe5 dxe5 8. 0-0 Qxd1 9. Rxd1 c6 10. h3 Re8 11. Be3 Na6 12. a3 Nh5 13. Bf1 Nf4 14. Rd2 Ne6 15. Rad1 Nac5 16. b4 Nb3 17. Rb2 Nbd4 18. Nd2 f5 19. f3 Bf6 20. c5 Kg7 21. Bc4 Bg5 22. Bxg5 Nxg5 23. h4 Nge6 24. exf5 gxf5 25. Re1 Kf6 26. Bf1 b5 27. cxb6 axb6 28. Nc4 Nf4 29. a4 b5 30. axb5 cxb5 31. Nb6 Rb8 32. Nbd5+ Nxd5 33. Nxd5+ Kf7 34. Rd2 Nc6 35. Nc7 Re7 36. Nxb5 Nxb4 37. Nd6+ Kf6 38. Rb2 Be6 39. Reb1 Rd7 40. Nxf5 Kxf5 41. Rxb4 Rxb4 42. Rxb4 Rd1 43. Kf2 Bd5 44. Be2 Rd2 45. Ke3 Ra2 46. g4+ Ke6 47. Rb6+ Ke7 48. Rh6 Ra3+ 49. Kf2 Bg8 50. Rb6 Kf7 51. g5 Kg7 52. h5 Bd5 53. Rb5 Bf7 54. Rxe5 Bxh5 55. Re6 Bf7 56. Rb6 Ra2 57. Ke3 Ra3+ 58. Kf4 Ra4+ 59. Kg3 Ra3 60. Kg4 Ra4+ 61. f4 Re4 62. Bd3 Rc4 63. Bxc4 1-0